000 00689cam a22002293a 4500
001 31570
003 PGUSA
005 20140828083701.0
008 100309s2010||||xxu|||||s|||||000 | eng d
040 _aPGUSA
_beng
042 _adc
050 4 _aQH
100 1 _aDuellman, William Edward,
_d1930-
245 1 2 _aA Taxonomic Study of the Middle American Snake, Pituophis deppei
_h[electronic resource] /
_cWilliam Edward Duellman
260 _bProject Gutenberg,
_c2010
506 _aPublic domain in the USA.
516 _aElectronic text
653 _aSnakes -- Latin America
830 0 _aProject Gutenberg
_v31570
856 4 0 _uhttp://www.gutenberg.org/ebooks/31570
942 _cEB
999 _c260825
_d260825